00789nam a22002177a 4500003000500000005001700005008004100022010001000063011001000073035001000083040000900093100003300102245012400135260004000259300002000299502009900319650002200418650006100440650003500501650003500536CHAP20220329140744.0971013s1995 r 00010 d a57130 a58102 a62257 cCHAP00aVivar Vargas, Alvaro Javier. aPlaneación regionalb: generación de un patrón óptimo de cultivos para el DDR 06, Izúcar de Matamoros, Puebla aChapingo, Méx. :bEl autor,c1995 a95 h.b: anexos aTesis (Ing. Agr. Esp. en Economía Agrícola) -- UACH. Departamento de Economía Agrícola14aCultivosxPuebla.14aDistrito de Desarrollo Rural Izúcar de Matamoros, Pue.14aPlaneación regionalxPuebla.14aPolítica agrícolaxPuebla.